Central Library OPAC University of Rajshahi

Left hand right hand ! : (Record no. 24188)

MARC details
000 -LEADER
fixed length control field 00735nam a2200229 a 4500
001 - CONTROL NUMBER
control field 24188
003 - CONTROL NUMBER IDENTIFIER
rucl marc code BD-RjUL
005 - DATE AND TIME OF LATEST TRANSACTION
control field 20211209001023.0
008 - FIXED-LENGTH DATA ELEMENTS--GENERAL INFORMATION
fixed length control field 140312r19521945enka b 001 0aeng d
035 ## - SYSTEM CONTROL NUMBER
System control number (BD-RjUL)24254
040 ## - CATALOGING SOURCE
Original cataloging agency SUSA
Language of cataloging eng
Transcribing agency SUSA
Modifying agency SUA
-- BD-RjUL
041 ## - LANGUAGE CODE
Language code of text/sound track or separate title eng
082 04 - DEWEY DECIMAL CLASSIFICATION NUMBER
Classification number 823.912
Author mark and year SIL V-1 1952
100 1# - MAIN ENTRY--PERSONAL NAME
Personal name Sitwell, Osbert,
Dates associated with a name 1892-1969.
9 (RLIN) 74512
245 10 - TITLE STATEMENT
Title Left hand right hand ! :
Remainder of title an autobiography /
Statement of responsibility, etc. Osbert Sitwell.
Number of part/section of a work The First Volume
250 ## - EDITION STATEMENT
Edition statement 1st ed.
260 ## - PUBLICATION, DISTRIBUTION, ETC. (IMPRINT)
Place of publication, distribution, etc. London :
Name of publisher, distributor, etc. Reprint Society,
Date of publication, distribution, etc. 1946 [reprinted 1952].
300 ## - PHYSICAL DESCRIPTION
Pagination xvi, 271 p. :
Illustrations ill. ;
Size 23 cm.
504 ## - BIBLIOGRAPHY, ETC. NOTE
Bibliography, etc Includes bibliographical references and index.
600 10 - SUBJECT ADDED ENTRY--PERSONAL NAME
Personal name Sitwell, Osbert,
Dates associated with a name 1892-1969.
942 ## - ADDED ENTRY ELEMENTS (KOHA)
Source of classification or shelving scheme Dewey Decimal Classification
Koha item type Books
Holdings
Lost status Source of classification or shelving scheme Damaged status Not for loan Collection code Permanent Location Current Location Shelving location Date acquired Source of acquisition Cost, normal purchase price Total Checkouts Full call number Date last seen Copy number Koha item type
  Dewey Decimal Classification     Non-fiction Central Library, University of Rajshahi Central Library, University of Rajshahi   01/03/1965 Zeitlinger. 21.00   823.912 SIL V-1 1952 12/03/2014 C-2 Books